000
00265nam a22001097a 4500
008
240711b |||||||| |||| 00| 0 eng d
100
_a
Vasvani, Fatehchand
_9
16847
245
_a
Johar Nazm
260
_a
Ajmer:
_b
Sunder Sahitya;
_c
1966.
300
_a
64p.
942
_c
BK
999
_c
39965
_d
39965